000 00305nam a2200121Ia 4500
005 20251222175934.0
008 251222s9999||||xx |||||||||||||| ||spa||
020 _a8423406393
082 _a658/W48
100 _aWestwick, C. A.
245 0 _aManual para la Aplicación de Ratios de Gestión
942 _cLIB
999 _c41126
_d41126